000
00290nam a22001337a 4500
008
180813b xxu||||| |||| 00| 0 eng d
020
_a
9781319058357
041
_a
eng
080
_a
159.9
100
_a
48
101
_a
PSI
245
_a
Introducing Psychology
_c
Nock,S
942
_2
udc
_c
BK
999
_c
47035
_d
47035